Роберт Бейтман (Запись № 1343092)

Подробности
000 -МАРКЕР
контрольное поле 02068nam0a2200361 4500
001 - ИДЕНТИФИКАТОР ЗАПИСИ
контрольное поле RU\NLR\bibl\1429162
005 - ИДЕНТИФИКАТОР ВЕРСИИ
контрольное поле 20260407210244.0
010 ## - МЕЖДУНАРОДНЫЙ СТАНДАРТНЫЙ НОМЕР КНИГИ (ISBN)
Номер (ISBN) 978-5-93332-325-9
021 ## - НОМЕР ГОСУДАРСТВЕННОЙ РЕГИСТРАЦИИ
Код страны Российская Федерация
Номер 2011-2405и
Номер Листа государственной регистраци 319и
035 ## - ДРУГИЕ СИСТЕМНЫЕ НОМЕРА
Идентификатор записи (NLR Aleph) 001421080
100 ## - ДАННЫЕ ОБЩЕЙ ОБРАБОТКИ
Данные общей обработки 20091022d2009 |||y0rusy50 ca
101 1# - ЯЗЫК РЕСУРСА
Язык текста, звукозаписи и т.д. русский
-- английский
Язык оригинала английский
102 ## - СТРАНА ПУБЛИКАЦИИ ИЛИ ПРОИЗВОДСТВА
Страна публикации Российская Федерация
105 ## - ПОЛЕ КОДИРОВАННЫХ ДАННЫХ: ТЕКСТОВЫЕ МАТЕРИАЛЫ, МОНОГРАФИЧЕСКИЕ
Кодированные данные о монографическом текстовом документе a |||||||||
200 1# - ЗАГЛАВИЕ И СВЕДЕНИЯ ОБ ОТВЕТСТВЕННОСТИ
Основное заглавие Роберт Бейтман
Параллельное заглавие Robert Bateman
Сведения, относящиеся к заглавию [каталог выставки
Первые сведения об ответственности пер. с англ.: Анна Красильникова, Юлия Кузнецова
Последующие сведения об ответственности вступ. ст.: Ральф Джеймс Лисишин и др.]
Язык параллельного заглавия английский
210 ## - ПУБЛИКАЦИЯ, РАСПРОСТРАНЕНИЕ И ДР.
Место издания, распространения и т.д. Санкт-Петербург
Имя издателя, распространителя и т. д. Palace Editions
Дата издания, распространения и т.д. 2009
215 ## - ФИЗИЧЕСКАЯ ХАРАКТЕРИСТИКА
Специфическое обозначение материала и объем 159 с.
Другие сведения о физической характеристике цв. ил., портр.
Размеры 32
225 1# - СЕРИЯ
Основное заглавие серии Альманах
Сведения об ответственности Русский музей, Музей Людвига, Фонд междунар. искусства и образования
Обозначение тома Вып. 248
300 ## - ОБЩИЕ ПРИМЕЧАНИЯ
Текст примечания Текст парал. на рус. и англ. яз.
320 ## - ПРИМЕЧАНИЯ О НАЛИЧИИ В ДОКУМЕНТЕ БИБЛИОГРАФИИ / УКАЗАТЕЛЯ
Текст примечания Библиогр. и фильмогр.: с. 158
510 1# - ПАРАЛЛЕЛЬНОЕ ЗАГЛАВИЕ
Параллельное заглавие Robert Bateman
Язык заглавия английский
600 #1 - ИМЯ ЛИЦА КАК ПРЕДМЕТ
Начальный элемент ввода Бейтман
Часть имени, кроме начального элемента ввода Р.
Даты 1930
Расширение инициалов личного имени Роберт
Формальный подзаголовок Каталоги
Тематический подзаголовок Выставки
Географический подзаголовок Санкт-Петербург, город
Хронологический подзаголовок 2009
Системный номер авторитетной/нормативной записи 2578826
Идентификатор авторитетной/нормативной записи RU\NLR\auth\661524614
601 02 - НАИМЕНОВАНИЕ ОРГАНИЗАЦИИ КАК ПРЕДМЕТ
Начальный элемент ввода Государственный Русский музей
Структурное подразделение организации Музей Людвига
Идентифицирующий признак Санкт-Петербург, город
Формальный подзаголовок Каталоги
Тематический подзаголовок Выставки
Хронологический подзаголовок 2009
Системный номер авторитетной/нормативной записи 2573762
Идентификатор авторитетной/нормативной записи RU\NLR\auth\661521867
686 ## - ИНДЕКСЫ ДРУГИХ КЛАССИФИКАЦИЙ
Индекс Щ101.3(2Р)-2Петербург2Русский музей7музей Людвига
702 #1 - ИМЯ ЛИЦА - ВТОРИЧНАЯ ОТВЕТСТВЕННОСТЬ
Начальный элемент ввода Красильникова
Часть имени, кроме начального элемента ввода А.
Расширение инициалов личного имени Анна
Код отношения Переводчик
702 #1 - ИМЯ ЛИЦА - ВТОРИЧНАЯ ОТВЕТСТВЕННОСТЬ
Начальный элемент ввода Бейтман
Часть имени, кроме начального элемента ввода Р.
Даты 1930-
Расширение инициалов личного имени Роберт
Код отношения Прочие
711 12 - НАИМЕНОВАНИЕ ОРГАНИЗАЦИИ - АЛЬТЕРНАТИВНАЯ ОТВЕТСТВЕННОСТЬ
Код отношения Автор
Начальный элемент ввода "Роберт Бейтман", выставка
Дата проведения временной организации 2009-2010
Место проведения временной организации Санкт-Петербург и др.
Идентификатор авторитетной/нормативной записи RU\NLR\AUTH\8810138831
Системный номер авторитетной/нормативной записи 772910
801 #0 - ИСТОЧНИК ЗАПИСИ
Страна Российская Федерация
Организация NLR
Дата составления 20091022
Правила каталогизации RCR
801 #1 - ИСТОЧНИК ЗАПИСИ
Страна Российская Федерация
Организация NLR
Дата составления 20091022
942 ## - ДОПОЛНИТЕЛЬНЫЕ ЭЛЕМЕНТЫ ЗАПИСИ (АБИС)
Тип экземпляра АБИС Книга
980 ## - КОЛЛЕКЦИЯ
Название коллекции Национальная библиография
Экземпляры
Тип экземпляра Дата поступления Источник поступления Стоимость Библиотека постоянного хранения Библиотека текущего хранения Место хранения Шифр хранения Штрих-код Статус экземпляра
Книга 22.10.2009 Дар 300.00 РНБ (Садовая) РНБ (Садовая) Фонд эстампов и фотографий (изоизданий) Э КП/Б419 3023383  
Книга 08.10.2011 Обязательный экземпляр   РНБ (Садовая) РНБ (Садовая) Фонд эстампов и фотографий (изоизданий) Э КП/Б419 3504068